| 000 | 02913cam a2200613 i 4500 | ||
|---|---|---|---|
| 001 | in900035685 | ||
| 003 | OSt | ||
| 005 | 20251205005449.0 | ||
| 007 | t| | ||
| 008 | 990916t19421942ilua c 000 1 eng d | ||
| 010 | _z42001418 | ||
| 020 |
_a9780807508510 _qlibrary binding |
||
| 020 |
_a0807508519 _qlibrary binding |
||
| 020 |
_a9780807508527 _qpaperback |
||
| 020 |
_a0807508527 _qpaperback |
||
| 020 |
_a9780606041768 _qTurtleback |
||
| 020 |
_a0606041761 _qTurtleback |
||
| 020 |
_a9780833529381 _qTopeka |
||
| 020 |
_a0833529382 _qTopeka |
||
| 020 |
_a9780812481532 _qPFNL |
||
| 020 |
_a0812481534 _qPFNL |
||
| 035 | _a134283 | ||
| 040 |
_aTnLvILS _cTnLvILS _dTnLvILS _dUtOrBLW _beng _erda |
||
| 100 | 1 |
_aWarner, Gertrude Chandler, _d1890-1979. _0n 50028311 _0http://id.loc.gov/authorities/names/n50028311, _eauthor. _4aut. |
|
| 245 | 1 | 4 |
_aThe Boxcar children / _cby Gertrude Chandler Warner ; illustrated by L. Kate Deal. |
| 264 | 1 |
_aMorton Grove, Illinois : _bAlbert Whitman, _c[1942] |
|
| 264 | 4 | _c℗♭1942. | |
| 300 |
_a154 pages : _billustrations ; _c21 cm. |
||
| 336 |
_atext _2rdacontent _btxt. |
||
| 337 |
_aunmediated _2rdamedia _bn. |
||
| 338 |
_avolume _2rdacarrier _bnc. |
||
| 490 | 1 | _aThe Boxcar children mysteries. | |
| 500 | _a"A Boxcar children mystery"--Spine. | ||
| 520 | _aFour orphans take shelter in an old boxcar during a storm, and, determined to make it their own, they turn it into a safe, cozy home. | ||
| 521 | 8 |
_a450 _bLexile. |
|
| 526 | 0 |
_aAccelerated Reader _bLG _c3.9 _d2.0 _z5301. |
|
| 650 | 0 |
_aBoxcar children (Fictitious characters) _0sh2009117493 _0http://id.loc.gov/authorities/subjects/sh2009117493 _vJuvenile fiction. |
|
| 650 | 0 |
_aOrphans _0sh2008108726 _0http://id.loc.gov/authorities/subjects/sh2008108726 _vJuvenile fiction. |
|
| 650 | 0 |
_aFamilies _0sh2008103523 _0http://id.loc.gov/authorities/subjects/sh2008103523 _vJuvenile fiction. |
|
| 650 | 0 |
_aDetective and mystery stories _0sh2009123893 _0http://id.loc.gov/authorities/subjects/sh2009123893. |
|
| 650 | 0 |
_aBoxcar children (Fictitious characters) _vFiction. |
|
| 650 | 0 |
_aBrothers and sisters _vFiction. |
|
| 650 | 0 |
_aOrphans _vFiction. |
|
| 650 | 0 |
_aFamilies _0sh2008103523 _0http://id.loc.gov/authorities/subjects/sh2008103523 _vFiction. |
|
| 650 | 1 |
_aBoxcar children (Fictitious characters) _vFiction. |
|
| 650 | 1 |
_aBrothers and sisters _vFiction. |
|
| 650 | 1 |
_aOrphans _vFiction. |
|
| 650 | 1 |
_aMystery and detective stories _0sh2009123893 _0http://id.loc.gov/authorities/subjects/sh2009123893. |
|
| 650 | 1 |
_aFamilies _0sh2008103523 _0http://id.loc.gov/authorities/subjects/sh2008103523 _vFiction. |
|
| 700 | 1 |
_aDeal, L. Kate, _eillustrator. _0n 92044068 _0http://id.loc.gov/authorities/names/n92044068. |
|
| 800 | 1 |
_aWarner, Gertrude Chandler, _d1890-1979. _tBoxcar children mysteries ; _v#1. _0n 84749589 _0http://id.loc.gov/authorities/names/n84749589. |
|
| 907 | _a.b284266000 | ||
| 942 | _cBK | ||
| 999 |
_c31297 _d31295 |
||